| 000 | 01067pam a2200337 a 4500 | ||
|---|---|---|---|
| 999 |
_c6088 _d6088 |
||
| 001 | 015571897 | ||
| 003 | Uk | ||
| 005 | 20260206100137.0 | ||
| 008 | 100603s2010 enk 000 0 eng d | ||
| 015 |
_aGBB069899 _2bnb |
||
| 016 | 7 |
_a015571897 _2Uk |
|
| 020 | _a9780330517874 (pbk.) | ||
| 040 |
_aStDuBDS _beng _cStDuBDS _dUk _dKH8 |
||
| 042 | _aukblcatcopy | ||
| 082 | 0 | 4 |
_a297.095 NAI _222 |
| 100 | 1 |
_aNaipaul, V. S. _q(Vidiadhar Surajprasad), _d1932-2018, _eauthor. |
|
| 245 | 1 | 0 |
_aBeyond belief : _bIslamic excursions among the converted peoples / _cV.S. Naipaul. |
| 250 | _a[New ed.]. | ||
| 260 |
_aLondon : _bPicador, _c2010. |
||
| 300 |
_avii, 435 p. ; _c20 cm. |
||
| 336 |
_atext _2rdacontent |
||
| 337 |
_aunmediated _2rdamedia |
||
| 338 |
_avolume _2rdacarrier |
||
| 500 | _aPrevious ed.: London: Little, Brown, 1998. | ||
| 500 |
_aFormerly CIP. _5Uk |
||
| 650 | 0 |
_aIslam _zAsia. |
|
| 650 | 0 | _aIslam and politics. | |
| 651 | 0 |
_aIslamic countries _xSocial life and customs. |
|
| 651 | 0 |
_aIslamic countries _xDescription and travel. |
|
| 942 |
_2ddc _cNFIC |
||